00339nam a22001217a 450000500170000000800410001704100230005808200130008110000230009424500440011730000310016165000250019220240829073347.0240829b |||||||| |||| 00| 0 eng d aEnglish/Afrikaans  a349 LAW  lEnglish/Afrikaans  aThe Laws of South West Africa 1936-1944 bliii, 835 pages; c25 cm.  aLegal practice bLaw